United Nations peacekeeping, 1946-1967 : documents and commentary.

Bibliographic Details
Main Author: Higgins, Rosalyn
Corporate Author: Royal Institute of International Affairs
Format: Book
Language:English
Published: London, New York [etc.] : Issued under the auspices of the Royal Institute of International Affairs by Oxford U.P., 1969-1981.
Subjects:

MARC

Tag First Indicator Second Indicator Subfields
LEADER 00000cam a2200000 4500
001 in00000087860
005 20151008063035.0
008 690715m19691981enkb b 00100 eng
010 |a  76396893  
015 |a B69-09541 (v. 1) 
020 |a 019214975X (v. 1)  |c 5/10- (v. 1) 
035 |a (OCoLC)00018325 
035 |9 AAK1454AM 
040 |a DLC  |c DLC  |d TXA  |d UtOrBLW 
049 |a TXAM  |v 1 [919078]   |v 2 [1503141]   |v 3 [1503390]   |v 4 [1503391] 
050 0 0 |a JX1981.P7  |b H5 
082 0 |a 341.6 
100 1 |a Higgins, Rosalyn. 
245 1 0 |a United Nations peacekeeping, 1946-1967 :  |b documents and commentary. 
264 1 |a London,  |a New York [etc.] :  |b Issued under the auspices of the Royal Institute of International Affairs by Oxford U.P.,  |c 1969-1981. 
300 |a  4 volumes :  |b maps. ;  |c 24 cm. 
336 |a text  |b txt  |2 rdacontent 
337 |a unmediated  |b n  |2 rdamedia 
338 |a volume  |b nc  |2 rdacarrier 
504 |a Includes bibliographies. 
505 0 |a 1.The Middle East -- 2. Asia -- 3. Africa -- 4. Europe, 1946-1979. 
610 2 0 |a United Nations  |x Armed Forces. 
710 2 |a Royal Institute of International Affairs. 
999 |a MARS 
999 f f |s 56d29f33-194b-3ff0-a844-9855e3883f57  |i ae7ed3f6-2bf2-3f31-8fab-e72f8a925bc1  |t 0 
952 f f |p ric  |a Texas A&M University  |b Rellis Campus  |c Joint Library Facility  |d Remote Storage  |t 0  |e JX1981.P7 H5  |h Library of Congress classification  |i unmediated -- volume  |k v.2  |m A14805972712 
952 f f |p ric  |a Texas A&M University  |b Rellis Campus  |c Joint Library Facility  |d Remote Storage  |t 0  |e JX1981.P7 H5  |h Library of Congress classification  |i unmediated -- volume  |k v.1  |m A14803143820 
952 f f |p ric  |a Texas A&M University  |b Rellis Campus  |c Joint Library Facility  |d Remote Storage  |t 0  |e JX1981.P7 H5  |h Library of Congress classification  |i unmediated -- volume  |k v.4  |m A14805970396 
952 f f |p ric  |a Texas A&M University  |b Rellis Campus  |c Joint Library Facility  |d Remote Storage  |t 0  |e JX1981.P7 H5  |h Library of Congress classification  |i unmediated -- volume  |k v.3  |m A14805970388 
998 f f |a JX1981.P7 H5  |s v.1-4  |t 0  |l Remote Storage